000 00329nam a22001457a 4500
008 221117b ||||| |||| 00| 0 eng d
020 _a9780130848147
041 _aeng
080 _a159.9
082 _a159.9WAG
100 _a25
101 _aPSI
245 _aCOUNSELING PSYCHOLOGY AND CHILDREN
_cWAGNER W
942 _2udc
_cBK
999 _c58915
_d58915